| 000 | 00771nam a22002057a 4500 | ||
|---|---|---|---|
| 003 | MX-MxUPN | ||
| 005 | 20260527105538.0 | ||
| 008 | 260527s2006 mx| ||||rs||| 000 0 spa d | ||
| 040 |
_aMX-MxUPN _bspa |
||
| 041 | 0 | _aspa | |
| 050 | 4 |
_aHA755 _bI53 2006 |
|
| 245 | 0 | 0 |
_aIndicadores sociales básicos de la subregión norte de América Latina y el Caribe : _bedición 2004-2005 |
| 260 |
_aMéxico, D.F. : _bComisión Económica para América Latina y el Caribe, _c2006 |
||
| 300 | _a69 páginas | ||
| 651 | 4 |
_aAmérica Latina _vEstadística _959728 |
|
| 651 | 4 |
_aCaribe (Región) _vEstadística _959729 |
|
| 710 | 2 |
_aNaciones Unidas. _bComisión Económica para América Latina y el Caribe _96331 _eedición |
|
| 902 | _aVíctorGodínez/270526 | ||
| 942 |
_2lcc _cFOLL |
||
| 999 |
_c215222 _d215222 |
||